|
|
|
|
| LEADER |
00000naa2a2200000 4500 |
| 001 |
546622 |
| 005 |
20240215113639.0 |
| 035 |
|
|
|a (RuTPU)RU\TPU\prd\238638
|
| 090 |
|
|
|a 546622
|
| 100 |
|
|
|a 20150609a2001 k y0rusy50 ca
|
| 101 |
0 |
|
|a rus
|
| 102 |
|
|
|a RU
|
| 200 |
1 |
|
|a Гибридная электромагнитная система метания твердых тел
|f А. А. Сивков
|
| 320 |
|
|
|a Библиогр.: с. 11-12 (13 назв.)
|
| 330 |
|
|
|a Для преобразования электромагнитной энергии в кинетическую энергию метаемого тела одновременно используются электровзрывной и электротермической механизмы и принципы кондукционной и индукционной электродинамики. Этот подход реализован на основе известной конфигурации коаксиального пинч-ускорителя. Установлено существование "активной" длины ствола, на которой система обеспечивает разгон с близким к постоянному ускорением. получено, что при длине ствола 340 мм и калибре 17 мм тела массой 1-12 г разгоняются до скоростей 3,4-1,45 км/с с эффективностью преобразования подведенной энергии 25-29 % при напряжении емкостного накопителя 1,75 кВ и разрядом токе до 150 кА. Тела массой 40-80 г (калибр ствола 25 мм) разгоняются до скоростей 1,3-1,0 км/с с эффективностью 28-20 % при напряжении 3,5 кВ и тоже до 220 кА
|
| 461 |
|
0 |
|0 (RuTPU)RU\TPU\prd\691
|x 0869-5032
|t Прикладная механика и техническая физика
|f Российская академия наук (РАН), Сибирское отделение (СО), Институт теоретической и прикладной механики (ИТПМ), (Новосибирск)
|d 1991-
|
| 463 |
|
0 |
|0 (RuTPU)RU\TPU\prd\108894
|t Т. 42, № 1
|v С. 3-12
|d 2001
|
| 610 |
1 |
|
|a труды учёных ТПУ
|
| 700 |
|
1 |
|a Сивков
|b А. А.
|c специалист в области электроэнергетики
|c профессор Томского политехнического университета, доктор технических наук
|f 1951-
|g Александр Анатольевич
|3 (RuTPU)RU\TPU\pers\26846
|9 12465
|
| 712 |
0 |
2 |
|a Национальный исследовательский Томский политехнический университет (ТПУ)
|b Энергетический институт (ЭНИН)
|b Кафедра электроснабжения промышленных предприятий (ЭПП)
|3 (RuTPU)RU\TPU\col\18676
|
| 801 |
|
1 |
|a RU
|b 63413507
|c 20150609
|
| 942 |
|
|
|c BK
|